000
00258nam a22000977a 4500
008
240202b |||||||| |||| 00| 0 eng d
020
_a
9780273708889
245
_a
MANAGEMENT AND ORGANIZATIONAL BEHAVIOUR
260
_a
HARLOW
_b
PRENTICE HALL
942
_2
lcc
_c
BK
999
_c
208847
_d
208847